[Event "India Cities-ch 19th"]
[Site "Khalpara"]
[Date "2018.08.02"]
[Round "3.1"]
[White "Tamang, Thendup"]
[Black "Kalyan, Roy"]
[Result "1-0"]
[WhiteElo "1963"]
[BlackElo "1563"]
[PlyCount "118"]
[EventDate "2018.08.01"]
[EventType "team-swiss"]
[EventRounds "7"]
[EventCountry "IND"]
[SourceTitle "CBM 186 Extra"]
[Source "ChessBase"]
[SourceDate "2018.08.24"]
[SourceVersion "1"]
[SourceVersionDate "2018.08.24"]
[SourceQuality "1"]
[WhiteTeam "Gangtok"]
[BlackTeam "Jalpaiguri Kings"]
[WhiteTeamCountry "IND"]
[BlackTeamCountry "IND"]

1. e4 c5 2. c3 d5 3. exd5 Qxd5 4. d4 Nc6 5. Nf3 cxd4 6. cxd4 Bg4 7. Be2 e6 8. 0-0 Nf6 9. Nc3 Qd8 10. Be3 Be7 11. h3 Bh5 12. Qb3 Rb8 13. Rfd1 0-0 14. a3 a6 15. d5 exd5 16. Nxd5 Qc8 17. Bf4 Nxd5 18. Qxd5 Bxf3 19. Qxf3 Ra8 20. Rac1 Qe6 21. Bd3 g6 22. Be4 Rfc8 23. Bd5 Qf6 24. Qe4 Bf8 25. Bxc6 bxc6 26. Be5 Qe6 27. Qd4 Rd8 28. Qc3 Rd5 29. Re1 Rc5 30. Qe3 Rxc1 31. Qxc1 Qf5 32. Qxc6 Rc8 33. Qe4 Qxe4 34. Rxe4 Re8 35. Re3 f5 36. Bc3 Rb8 37. Re6 Rd8 38. g3 Rd6 39. Rxd6 Bxd6 40. Kf1 Kf7 41. Ke2 Ke6 42. Kd3 Kd5 43. b4 h5 44. a4 g5 45. Bd2 f4 46. gxf4 g4 47. hxg4 h4 48. Ke2 Kd4 49. b5 axb5 50. axb5 Kc5 51. Kf3 Kxb5 52. g5 Kc6 53. Kg4 h3 54. Kxh3 Kd7 55. Kg4 Ke6 56. f5+ Kf7 57. g6+ Kg8 58. f6 Be5 59. Kf5 Ba1 1-0